Irreplaceable - Beyoncé (All Lyrics) - Statistics

General Stats
  • This quiz has been taken 2,499 times
    2,453 since last reset
  • The average score is 400 of 478
Answer Stats
Lyrics % Correct
I
100%
ya
99%
you
99%
you.
99%
You
99%
a
98%
the
98%
them
98%
To
98%
to
98%
in
97%
In
97%
ever
96%
left,
96%
left.
96%
don't
94%
Don't
94%
me
94%
me.
94%
Everything
91%
everything.
91%
own
91%
that
91%
that's
91%
box
90%
know
90%
know.
90%
your
90%
be
89%
irreplaceable.
89%
not
89%
And
88%
and
88%
'bout
88%
my
88%
minute.
87%
minute,
87%
think
87%
must
86%
get
84%
have
84%
her
84%
If
84%
if
84%
So
84%
so
84%
another
83%
for
83%
for?
83%
go
83%
it,
83%
it's
83%
baby.
82%
Baby
82%
Baby,
82%
stuff,
82%
closet
81%
you're
81%
please
80%
touch.
80%
could
79%
here
79%
I'm
79%
talk
79%
thinking
79%
thinking,
79%
at
78%
he'll
78%
how
78%
How
78%
second
78%
bought
77%
like
77%
about
76%
fact,
76%
man
76%
can
75%
never
75%
time?
75%
find
74%
fool,
74%
same
73%
talking
73%
walk
73%
I'll
72%
call
71%
Matter
71%
matter
71%
on
71%
such
71%
by
70%
front
70%
Standing
70%
tomorrow.
70%
got
69%
telling
69%
yard,
67%
is
66%
keep
66%
cab.
64%
she's
64%
up
64%
up,
64%
yes.
64%
name
63%
fine.
62%
was
61%
car
60%
did
60%
let
60%
see
59%
What
59%
But
58%
of
58%
out
58%
was
58%
ahead
57%
gone.
56%
didn't
55%
mess,
55%
home.
54%
bet
53%
chick
53%
twisted.
52%
thought
51%
all
49%
Oops,
49%
taxi
49%
Hurry
48%
keys.
48%
before
47%
around
46%
'Cause
46%
leaves.
46%
nothing,
45%
nothing
45%
putting
43%
Because
42%
untrue.
41%
bags,
40%
won't
40%
tear
38%
shed
36%
remove
35%
Rolling
35%
since
34%
truth
33%
easy.
32%
replacing
31%
lose
26%
sleep.
25%
wink
22%
tag.
19%
dropped
15%
No matching quizzes found
Score Distribution
Percent of People with Each Score
Percentile by Number Answered
Your Score History
You have not taken this quiz since the last reset